Hiihdon MM-kilpailujen järjestäjäkaupungit - Statistics

Yleistilastot
  • Tätä visaa on pelattu 567 kertaa
    391 viimeisimmän päivityksen jälkeen
  • Keskiarvotulos 28 / 58
Vastaustilastot
Vuosi Paikka Maa % Oikein
1938 Lahti Suomi
95%
1958 Lahti Suomi
95%
1978 Lahti Suomi
95%
1989 Lahti Suomi
95%
2001 Lahti Suomi
95%
2017 Lahti Suomi
95%
1926 Lahti Suomi
94%
1930 Oslo Norja
86%
1952 Oslo Norja
86%
1966 Oslo Norja
86%
1982 Oslo Norja
86%
2011 Oslo Norja
86%
1997 Trondheim Norja
76%
2025 Trondheim Norja
76%
1954 Falun Ruotsi
59%
1974 Falun Ruotsi
59%
1980 Falun Ruotsi
59%
1993 Falun Ruotsi
59%
2015 Falun Ruotsi
59%
1972 Sapporo Japani
58%
2007 Sapporo Japani
58%
1933 Innsbruck Itävalta
51%
1964 Innsbruck Itävalta
51%
1976 Innsbruck Itävalta
51%
1984 Rovaniemi Suomi
44%
1991 Val di Fiemme Italia
42%
2023 Planica Slovenia
41%
2003 Val di Fiemme Italia
41%
2013 Val di Fiemme Italia
41%
1987 Oberstdorf Saksa
40%
2005 Oberstdorf Saksa
40%
2021 Oberstdorf Saksa
40%
1932 Lake Placid Yhdysvallat
38%
1950 Lake Placid Yhdysvallat
38%
1980 Lake Placid Yhdysvallat
38%
1985 Seefeld Itävalta
33%
2019 Seefeld Itävalta
33%
1927 Cortina d'Ampezzo Italia
32%
1956 Cortina d'Ampezzo Italia
32%
1936 Garmisch-Partenkirchen Saksa
32%
1924 Chamonix Ranska
29%
1937 Chamonix Ranska
29%
2009 Liberec Tšekki
28%
1999 Ramsau Itävalta
28%
1929 Zakopane Puola
27%
1939 Zakopane Puola
27%
1962 Zakopane Puola
27%
1968 Grenoble Ranska
25%
1928 Sankt Moritz Sveitsi
24%
1948 Sankt Moritz Sveitsi
24%
1995 Thunder Bay Kanada
22%
1931 Oberhof Saksa
19%
1960 Squaw Valley Yhdysvallat
19%
1984 Engelberg Sveitsi
11%
1935 Vysoké Tatry Tšekkoslovakia
9%
1970 Vysoké Tatry Tšekkoslovakia
9%
1934 Sollefteå Ruotsi
7%
1925 Janské Lázně Tšekkoslovakia
6%
Ehtoja vastaavia visoja ei löytynyt
Tulosjakauma
Jokaisen tuloksen saaneiden osuus
Persentiili vastausten määrän mukaan
Tuloshistoriasi
Et ole pelannut tätä visaa sen viimeisimmän päivityksen jälkeen